Анализ абсолютной устойчивости широтно-импульсных систем; Известия Томского политехнического института [Известия ТПИ]; Т. 141

Dettagli Bibliografici
Parent link:Известия Томского политехнического института [Известия ТПИ]/ Томский политехнический институт (ТПИ).— , 1944-1976
Т. 141.— 1966.— [С. 24-31]
Autore principale: Гончар И. А.
Altri autori: Вадутов О. С. Олег Самигулович
Riassunto:Заглавие с титульного листа
Электронная версия печатной публикации
Lingua:russo
Pubblicazione: 1966
Soggetti:
Accesso online:Черно-белая версия для предварительного просмотра
Цветная версия без потери качества
Natura: MixedMaterials Elettronico Capitolo di libro
KOHA link:https://koha.lib.tpu.ru/cgi-bin/koha/opac-detail.pl?biblionumber=206770

MARC

LEADER 00000nla2a2200000 4500
001 206770
005 20231031190832.0
035 |a (RuTPU)RU\TPU\book\225463 
035 |a RU\TPU\book\225457 
090 |a 206770 
100 |a 20120117d1966 k y0rusy50 ca 
101 0 |a rus 
102 |a RU 
135 |a drnn ---uucaa 
181 0 |a i  
182 0 |a b 
200 1 |a Анализ абсолютной устойчивости широтно-импульсных систем  |b Электронный ресурс  |f И. А. Гончар, О. С. Вадутов 
203 |a Текст  |c электронный 
215 |a 2 файла (239 Кб, 9.9 Мб) 
230 |a Электронные текстовые данные (2 файла : 239 Кб, 9.9 Мб) 
300 |a Заглавие с титульного листа 
300 |a Электронная версия печатной публикации 
320 |a [Библиогр.: с. 31 (6 назв.)] 
337 |a Adobe Reader 
461 1 |0 (RuTPU)RU\TPU\book\200995  |t Известия Томского политехнического института [Известия ТПИ]  |f Томский политехнический институт (ТПИ)  |d 1944-1976 
463 1 |0 (RuTPU)RU\TPU\book\225456  |t Т. 141  |v [С. 24-31]  |d 1966  |p 176 с. 
610 1 |a электронный ресурс 
610 1 |a труды учёных ТПУ 
700 1 |a Гончар  |b И. А. 
701 1 |a Вадутов  |b О. С.  |c российский электрофизик  |c доцент Томского политехнического университета, кандидат технических наук  |f 1940-  |g Олег Самигулович  |2 stltpush  |3 (RuTPU)RU\TPU\pers\25384 
801 1 |a RU  |b 63413507  |c 20090320  |g PSBO 
801 2 |a RU  |b 63413507  |c 20120318  |g PSBO 
856 4 |u http://www.lib.tpu.ru/fulltext/v/Bulletin_TPU/1966/v141/05_bw.pdf  |z Черно-белая версия для предварительного просмотра 
856 4 |u http://www.lib.tpu.ru/fulltext/v/Bulletin_TPU/1966/v141/05_full.pdf  |z Цветная версия без потери качества 
942 |c CF